000 01441nam a22002777a 4500
005 20081107125036.0
008 081107t xxu||||| |||| 00| 0 hin d
010 _aHIN-84766
020 _c250.00
_a8188377163
035 _aHN-57112
037 _bDBAD / PUB
040 _aDPL
_bHN
082 _a840.08
245 _aमंटो अदालत के कटघरे में /
_cदेवेन्द्र इस्सर द्वारा संपादित
246 _aManto: Adalat Ke Katghare Mein
_bEdited by Devendra Issar
260 _aदिल्ली
_bऐरो पब्लिशर्स एण्ड डिस्ट्रीब्यूटर्स
_c2008
270 _a79,चन्दु पार्क, गली नं-20
_bदिल्ली
_e110051
300 _a200 पृ
_c22सेमी (सजिल्द)
600 _aमंटो, सआदत हसन, 1912-1955
600 _aManto, Saadat Hasan, 1912-1955
650 _aउर्दू साहित्य
_xइतिहास एवं समालोचना
650 _aUrdu literature
_xHistory and criticism
700 _aइस्सर, देवेन्द्र
942 _2ddc
_cHN
_mमंटोअ
_h840.08
999 _c18236
_d18236